000 01455nam a22004337a 4500
001 0013104
003 KOHA_MİRAKIL
005 20260207001909.0
007 ta
008 100809b2000 tu a|||gr||||#||||0|tur |
020 _a9754929645
040 _aTR-BiSEU
_btur
_cTR-BiSEU
_erda
041 0 _atur
044 _ctu
050 _aLB1028.5
_b.I44 2000
100 1 _aİmer, Gülriz.
245 1 _aEğitim fakültelerinde öğretmen adaylarının bilgisayara ve bilgisayarı eğitimde kullanmaya yönelik nitelikleri/
_cGülriz İmer ; Gülriz İmer.
264 1 _aEskişehir :
_bAnadolu Üniversitesi
_c2000
300 _aXX, 201 sayfa: resimli; 25 cm.
336 _ametin
_btxt
_2rdacontent
337 _aaracısız
_bn
_2rdamedia
338 _acilt
_bnc
_2rdacarrier
490 1 _aT.C.
490 1 _aAnadolu Üniversitesi yayınları ;
_vno.
490 1 _a1212, Eğitim Fakültesi yayınları ;
_vno.
490 1 _a70.
500 _aKaynakça var.
650 0 _aComputer-assisted instruction.
_911825
650 0 _aMicrocomputers.
_911561
650 0 _aEducation--Data processing.
_91502
650 0 _aComputer managed instruction.
_911827
650 0 _aMikrobilgisayarlar.
_92851
650 0 _aEğitim--Veri işleme.
_930973
830 1 _aT.C.
_96297
830 1 _aAnadolu Üniversitesi yayınları ;
_vno.
_97107
830 1 _a1212, Eğitim Fakültesi yayınları ;
_vno.
_930974
830 1 _a70.
_916783
942 _2lcc
_cBK
999 _c13071
_d13071